000 00659nam a22002417a 4500
001 9929
003 BD-RjUL
005 20211208234851.0
008 140122r20082007ii de||| |||| 001 0 eng d
020 _a9788120332157
035 _a(BD-RjUL)9975
040 _aBD-RjUL
_beng
_cBD-RjUL
041 _aeng
082 0 4 _220
_a541.22
_bARM
100 _aAruldhas, G
_930684
245 _aMolecular Structure and Spectroscopy /
_cAruldhas, G
250 _a2 nd
260 _aNew Delhi :
_b Prentice-Hall of India,
_cc2007 [Reprent 2008]
300 _axi,427p. ;
_c26cm
504 _aIncludes Index
650 0 0 _a Molecular structure.
_928116
942 _2ddc
_cBK
999 _c9929
_d9929